Complete the Song Title #1 - Statistics

General Stats
  • This quiz has been taken 53 times
  • The average score is 9 of 15
Answer Stats
Artist/Band Song % Correct
Imagine Dragons Whatever It {Takes}
94%
The Weeknd Can't Feel My {Face}
76%
Drake God's {Plan}
76%
Meghan Trainor All About That {Bass}
75%
The Beatles Here Comes The {Sun}
73%
The Beatles Hey {Jude}
73%
The Weeknd Die For {You}
71%
Billie Eilish Happier Than {Ever}
69%
Travis Scott SICKO {MODE}
61%
Meghan Trainor Dear Future {Husband}
55%
Travis Scott HIGHEST IN THE {ROOM}
47%
Billie Eilish you should see me in a {crown}
41%
Drake Hold On, We're Going {Home}
29%
The Weeknd In The {Night}
22%
Imagine Dragons Walking The {Wire}
4%
No matching quizzes found
Score Distribution
Percent of People with Each Score
Percentile by Number Answered
Your Score History
You have not taken this quiz